Słownik etymologiczno-motywacyjny ukraińskich nazwisk historycznych wschodniej Lubelszczyzny
| Titel: | Słownik etymologiczno-motywacyjny ukraińskich nazwisk historycznych wschodniej Lubelszczyzny / Marcin Kojder. |
|---|---|
| Verfasser: | |
| Veröffentlicht: | Lublin : Wydawnictwo Uniwersytetu Marii Curie-Skłodowskiej, 2024 |
| Umfang: | 178 Seiten ; 24 cm |
| Format: | Buch |
| Sprache: | Polnisch |
| ISBN: | 9788322798393 ; 8322798393 |
| Hinweise zum Inhalt: |
Inhaltsverzeichnis
|
alg: 52546264 001A $03004:22-01-25 001B $01999:25-03-25 $t20:14:08.000 001D $03004:22-01-25 001U $0utf8 001X $00 002@ $0Aau 002C $aText $btxt $2rdacontent 002D $aohne Hilfsmittel zu benutzen $bn $2rdamedia 002E $aBand $bnc $2rdacarrier 003@ $0525462643 003O $01482808776 $aOCoLC 004A $A978-83-227-9839-3 $f((oprawa miękka)) 004A $083-227-9839-3 006C $01482808776 $aOCoLC 007A $0525462643 $aHEB 007G $0DE02002F41C3E8F6273E9C1258C3F004642AB 009P $qapplication/pdf $A2 $3Inhaltsverzeichnis $uhttp://scans.hebis.de/HEBCGI/show.pl?52546264_toc.pdf $mV:DE-603;B:DE-Mb50 010@ $apol 010E $erda 011@ $a2024 $n2024 013D $RLexikon $#Dictionaries $#Dictionnaires $#Dizionari $#Diccionarios $#dictionaries $#Wörterbuch $#Wörterbuch $#Reallexikon Formbegriff $#Sachwörterbuch Formbegriff $#Sprachwörterbuch $#Vokabular Wörterbuch $#Vokabularium $#Wörterbücher $74066724-8 $8Wörterbuch [Tsz] $9085187623 021A $aSłownik etymologiczno-motywacyjny ukraińskich nazwisk historycznych wschodniej Lubelszczyzny $hMarcin Kojder. 028A $BVerfasser $4aut $8Kojder, Marcin [Tp3] $9471935050 033A $pLublin $nWydawnictwo Uniwersytetu Marii Curie-Skłodowskiej 034D $a178 Seiten 034I $a24 cm 037A $aLiteraturverzeichnis Seite 11-15. 044A $aSłownik etymologiczny $2dbn $S#7 $N655 044A $aSłownik onomastyczny $2dbn $S#7 $N655 044K $#Lubelszczyzna $#Lublin, ziemia $74036419-7 $8Lublin$zRegion [Tg1] $9085098698 044K $ROstslawische Sprachen $#Russinisch $#Ruthenisch Rusinisch $#Karpatoukrainisch Rusinisch $#Carpatho-Russian $74178735-3 $8Rusinisch [Ts1] $9085848034 044K $ROstslawische Sprachen $#Ukrainian language $#Ukrainien (langue) $#Lingua ucraina $#Lengua ucraniana $#Ukrainisch $#Ruthenisch Ukrainisch $#Kleinrussisch $74120373-2 $8Ukrainisch [Ts1] $908538402X 044K $RLechisch $#Polish language $#Polonais (langue) $#Lingua polacca $#Lengua polaca $#Polnisch $#Polnische Sprache $74120314-8 $8Polnisch [Ts1] $9085383503 044K $RPersonenname $#Names, Personal $#Noms de personnes $#Nachname $#Zuname $74016415-9 $8Familienname [Ts1] $9085038466 045F $a400 $eDDC23BSB 045F/01 $a400 045F/03 $g438 045F/03 $g477 lok: 52546264 24 exp: 52546264 24 1 #EPN 201B/01 $030-01-25 $t14:00:12.000 201C/01 $022-01-25 201U/01 $0utf8 203@/01 $0128950881X 208@/01 $a30-01-25 $bz 209A/01 $a25.00252 $du $f050 $h25 00252 $x00 209C/01 $a25.00252 K $h25 00252 K 209G/01 $a74944795 $x00 220C/01 $ahae 247C/01 $8358050-7Marburg, Bibliothek des Herder-Instituts Marburg $9102600961 lok: 52546264 78 exp: 52546264 78 1 #EPN 201B/01 $004-02-26 $t09:49:56.000 201C/01 $004-02-26 201U/01 $0utf8 203@/01 $0133349937X 208@/01 $a04-02-26 $be 209A/01 $a/ $f000 $x00 209A/01 $ab*p $x01 220C/01 $apgar 244Z/01 $#Generalgouvernement Polen $#Polska $#Rzeczpospolita Polska $#Polska Rzeczpospolita Ludowa $#Poland $#Pologne $#République Polonaise $#Generalne Gubernatorstwo w Polsce $#Polish People's Republic $#Polska Rzeczpospolita Polen $#PRL $#RP $#Polen Generalgouvernement $#Polska Generalgouvernement $#Besetzte Polnische Gebiete $#Besetztes Gebiet in Polen $#Okupowane Polskie Obszary $#Obszary Okupowane w Polsce $#Volksrepublik Polen $#Polska Rosyjska $#Republic Polen $#Respublika Pol'ša $#Pol'skaja Narodnaja Respublika $#République de Pologne $#Polen Links der Weichsel $#Polska po Lewej Stronie Wisły $#Lenkija $#Polija $#Gubernija Carstva Pol'skago $#Republik Polen $74046496-9 $8--Tg1--Polen $x01 $9085129801 247C/01 $82080>Marburg/Lahn, Herder-Institut, Forschungsbibliothek, Bibliographieportal $9336309341
| LEADER | 00000cam a2200000 c 4500 | ||
|---|---|---|---|
| 001 | 525462643 | ||
| 003 | DE-603 | ||
| 005 | 20250325201408.0 | ||
| 007 | tu | ||
| 008 | 250122s2024 xx |||| | u00||u|pol c | ||
| 020 | |a 9788322798393 |c ((oprawa miękka)) | ||
| 020 | |a 8322798393 | ||
| 035 | |a (DE-599)HEB525462643 | ||
| 035 | |a (OCoLC)1482808776 | ||
| 040 | |a DE-603 |b ger |c DE-603 |d DE-603 |e rda | ||
| 041 | |a pol | ||
| 082 | 0 | 4 | |8 1\u |a 400 |q DE-101 |2 23/BSB |
| 085 | |8 1\u |b 400 | ||
| 085 | |8 1\u |z 2 |s 438 | ||
| 085 | |8 1\u |z 2 |s 477 | ||
| 100 | 1 | |a Kojder, Marcin |e Verfasser |4 aut |0 (DE-603)471935050 |0 (DE-588)1221301942 |2 gnd | |
| 245 | 0 | 0 | |a Słownik etymologiczno-motywacyjny ukraińskich nazwisk historycznych wschodniej Lubelszczyzny |c Marcin Kojder. |
| 264 | 1 | |a Lublin |b Wydawnictwo Uniwersytetu Marii Curie-Skłodowskiej |c 2024 | |
| 300 | |a 178 Seiten |c 24 cm | ||
| 336 | |a Text |b txt |2 rdacontent | ||
| 337 | |a ohne Hilfsmittel zu benutzen |b n |2 rdamedia | ||
| 338 | |a Band |b nc |2 rdacarrier | ||
| 500 | |a Literaturverzeichnis Seite 11-15. | ||
| 650 | 7 | |a Rusinisch |0 (DE-588)4178735-3 |0 (DE-603)085848034 |2 gnd | |
| 650 | 7 | |a Ukrainisch |0 (DE-588)4120373-2 |0 (DE-603)08538402X |2 gnd | |
| 650 | 7 | |a Polnisch |0 (DE-588)4120314-8 |0 (DE-603)085383503 |2 gnd | |
| 650 | 7 | |a Familienname |0 (DE-588)4016415-9 |0 (DE-603)085038466 |2 gnd | |
| 651 | 7 | |a Lublin |0 (DE-588)4036419-7 |0 (DE-603)085098698 |2 gnd | |
| 655 | 7 | |a Wörterbuch |2 gnd-content |0 (DE-588)4066724-8 |0 (DE-603)085187623 | |
| 856 | 4 | 2 | |m V:DE-603;B:DE-Mb50 |q application/pdf |u http://scans.hebis.de/HEBCGI/show.pl?52546264_toc.pdf |3 Inhaltsverzeichnis |
| 924 | 0 | |9 Mb 50 |a (DE-603)128950881X |b DE-Mb50 |c HES |d c |g 25.00252 | |
| 924 | 0 | |9 2080 |a (DE-603)133349937X |b DE-2080 |c HES |d d |g / | |


